| 000 | 00423nam a2200169Ia 4500 | ||
|---|---|---|---|
| 005 | 20250423095400.0 | ||
| 008 | 250422s9999 xx 000 0 und d | ||
| 020 | _a9788123917238 | ||
| 100 | _aAsawa, G. L. | ||
| 245 | 0 | _aFluid flow in pipes and channels | |
| 260 | _aNew Delhi | ||
| 260 | _bCBS Publishers&Distributors | ||
| 260 | _c2012 | ||
| 300 | _a511 p | ||
| 650 | _a Pipe--Fluid dynamics. | ||
| 942 | _cBK | ||
| 999 |
_c30105 _d30105 |
||